All Countries on Jetpunk Guessed from Highest to Lowest Percentage - Statistics

General Stats
  • This quiz has been taken 274 times
  • The average score is 44 of 196
Answer Stats
% Guessed Begins With Country % Correct
97% U United States
98%
96% C Canada
96%
96% R Russia
95%
94% F France
85%
95% C China
83%
95% M Mexico
83%
94% U United Kingdom
83%
94% A Australia
77%
94% B Brazil
75%
92% I India
75%
92% J Japan
72%
92% G Germany
71%
93% S Spain
68%
94% I Italy
67%
87% I Ireland
55%
87% E Egypt
53%
86% I Iceland
53%
86% P Portugal
53%
86% A Argentina
51%
88% S South Africa
48%
84% N Norway
47%
86% S Sweden
45%
78% D Denmark
44%
83% I Iran
43%
71% V Vietnam
42%
81% F Finland
41%
82% T Turkey
41%
79% P Poland
40%
81% I Iraq
38%
82% S South Korea
36%
51% Z Zimbabwe
36%
81% G Greece
35%
41% Q Qatar
35%
41% Z Zambia
35%
85% C Chile
34%
20% K Kiribati
34%
71% U Ukraine
34%
28% M (FS) Federated States of Micronesia
33%
81% N North Korea
33%
23% V Vanuatu
33%
62% V Venezuela
33%
76% P Peru
32%
55% Y Yemen
32%
71% I Indonesia
31%
82% N New Zealand
31%
20% N Nauru
30%
21% T Tuvalu
30%
60% H Hungary
29%
60% K Kenya
29%
21% P Palau
29%
71% T Thailand
29%
56% J Jamaica
28%
52% O Oman
28%
75% N Netherlands
27%
70% N Niger
27%
24% E (T) East Timor
26%
50% H Honduras
26%
70% B Belgium
25%
78% C Cuba
25%
66% D Democratic Republic of the Congo
25%
59% H Haiti
25%
52% J Jordan
25%
60% K Kazakhstan
25%
66% U Uruguay
25%
75% P Pakistan
24%
70% A Austria
23%
20% C Comoros
23%
46% C (I) Cote d'Ivoire
23%
68% I Israel
23%
49% M (B) Myanmar
23%
60% N Nigeria
23%
65% R Republic of the Congo
23%
60% R Romania
23%
19% S Sao Tome and Principe
23%
75% S Switzerland
23%
71% C Colombia
22%
22% G Grenada
21%
76% M Madagascar
21%
70% A Afghanistan
20%
23% M Marshall Islands
20%
66% P Panama
20%
72% S Saudi Arabia
20%
42% V Vatican City
20%
57% D Dominica
19%
62% P Philippines
19%
61% L Libya
18%
69% M Morocco
18%
21% S Saint Vincent and the Grenadines
18%
59% A Algeria
17%
63% B Bolivia
17%
28% D Djibouti
17%
56% E Ecuador
17%
57% E Ethiopia
17%
63% P Paraguay
17%
42% U Uganda
17%
31% K Kyrgyzstan
16%
63% S Sudan
16%
26% T Tonga
16%
55% U United Arab Emirates
16%
56% E Estonia
15%
73% M Mongolia
15%
25% S Saint Kitts and Nevis
15%
49% U Uzbekistan
15%
25% A Antigua and Barbuda
14%
59% C Czech Republic
14%
40% F Fiji
14%
24% G Guinea-Bissau
14%
59% N Nepal
14%
57% C Croatia
13%
25% E Equatorial Guinea
13%
33% K Kosovo
13%
39% K Kuwait
13%
56% L Latvia
13%
25% S Solomon Islands
13%
57% S Somalia
13%
56% P Papua New Guinea
12%
25% S Saint Lucia
12%
58% S Syria
12%
25% B Burundi
11%
46% D Dominican Republic
11%
54% L Laos
11%
50% L Luxembourg
11%
57% M Malaysia
11%
55% S Slovakia
11%
51% T Taiwan
11%
40% E El Salvador
10%
54% L Lithuania
10%
28% S Samoa
10%
51% T Tunisia
10%
50% B Belarus
9%
26% B Brunei
9%
54% C Chad
9%
48% G Guatemala
9%
37% L Liechtenstein
9%
38% R Rwanda
9%
28% S Seychelles
9%
33% T Tajikistan
9%
42% T Turkmenistan
9%
43% A Angola
8%
39% B Botswana
8%
51% B Bulgaria
8%
55% C Cambodia
8%
42% L Lebanon
8%
49% S Slovenia
8%
43% T Tanzania
8%
49% A Albania
7%
39% A Andorra
7%
39% A Armenia
7%
37% A Azerbaijan
7%
29% B Bahrain
7%
48% B Bangladesh
7%
29% B Benin
7%
27% B Burkina Faso
7%
53% C Costa Rica
7%
34% E Eritrea
7%
29% G Gambia
7%
45% G Georgia
7%
48% G Ghana
7%
39% G Guinea
7%
33% L Lesotho
7%
29% M Mauritius
7%
40% N Namibia
7%
50% S Serbia
7%
55% S Sri Lanka
7%
44% B Belize
6%
48% B Bosnia and Herzegovina
6%
26% C Cape Verde
6%
27% G Gabon
6%
40% G Guyana
6%
39% L Liberia
6%
46% M Mali
6%
31% M Mauritania
6%
39% M Monaco
6%
45% N Nicaragua
6%
43% S Singapore
6%
41% S South Sudan
6%
35% T Trinidad and Tobago
6%
45% B Bahamas
5%
32% B Barbados
5%
37% B Bhutan
5%
36% C Cameroon
5%
36% C Central African Republic
5%
42% C Cyprus
5%
40% M Macedonia
5%
30% M Malawi
5%
38% M Malta
5%
37% M Moldova
5%
36% M Montenegro
5%
38% M Mozambique
5%
31% S San Marino
5%
35% S Senegal
5%
37% S Suriname
5%
36% T Togo
5%
31% M Maldives
4%
31% S Sierra Leone
3%
33% S Swaziland
3%
No matching quizzes found
Score Distribution
Percent of People with Each Score
Percentile by Number Answered
Your Score History
You have not taken this quiz